El camino de Nicaragua /
Guardado en:
| Institution som forfatter: | |
|---|---|
| Format: | Ukendt |
| Udgivet: |
[Lugar de publicación no identificado] :
FSLN,
[fecha de publicación no identificado].
|
| Fag: | |
| Tags: |
Tilføj Tag
Ingen Tags, Vær først til at tagge denne postø!
|
MARC
| LEADER | 000000000a22000000004500 | ||
|---|---|---|---|
| 001 | 004996 | ||
| 082 | 0 | 4 | |a 320.972.85 |b C183c |
| 110 | 2 | |a Frente Sandinista de Liberación Nacional. |b Departamento de Propaganda y Educación Pública | |
| 245 | 1 | 3 | |a El camino de Nicaragua / |c Frente Sandinista de Liberación Nacional. Departamento de Propaganda y Educación Pública. |
| 260 | 1 | |a [Lugar de publicación no identificado] : |b FSLN, |c [fecha de publicación no identificado]. | |
| 500 | |a Colección de 15 afiches alusivos a la revolución nicaraguense | ||
| 650 | 4 | |a NICARAGUA | |
| 650 | 4 | |a REVOLUCION | |
| 650 | 4 | |a SANDINISMO | |
| 650 | 4 | |a CARTELES | |
| 999 | |c 10892 |d 10892 | ||
| 942 | |c BK |h 320.972.85 C183c |2 z | ||
